All Bus Stops on London Bus Route 154 - Statistics

General Stats
  • This quiz has been taken 4 times
  • The average score is 21 of 58
Answer Stats
Answer % Correct
Carshalton Beeches Station
100%
Elgin Road
100%
Hannibal Way
100%
Milton Road
100%
Roundshaw / Phoenix Centre
100%
Stafford Road / Woodcote Road
100%
The Chase
100%
Waddon Station
100%
Wales Avenue
100%
West Croydon Bus Station
100%
Carshalton Road / Cambridge Road
67%
Crichton Road
67%
Oxford Road
67%
Spitfire Road
67%
St Elphege's School
67%
Benhill Avenue / Throwley Way
33%
Benhill Road
33%
Boundary Road
33%
Byron Avenue
33%
Carshalton Road / Ringstead Road
33%
Chalgrove Avenue
33%
Fairfield Halls
33%
Kingsley Avenue
33%
Merton College
33%
Morden Court
33%
Morden South Station
33%
Morden Station
33%
Plough Lane
33%
Rose Hill / Rose Hill Roundabout
33%
Sandy Lane South
33%
Shotfield
33%
Stanley Road
33%
Staplehurst Road
33%
Sutton Green
33%
The Newlands
33%
Waddon Leisure Centre / Fiveways
33%
Whitgift Centre
33%
Wilson's School
33%
Benhill Wood Road
0%
Canterbury Road
0%
Central Road
0%
Cranleigh Gardens
0%
Crown Road
0%
Davenant Road
0%
Dorchester Road
0%
Duppas Hill
0%
Lenham Road
0%
Lind Road
0%
London Road / Morden Station
0%
Park Lane / Fairfield Halls
0%
Ringstead Road / Carshalton Road
0%
Rosehill Park West
0%
Stafford Gardens
0%
Stafford Road / Sandy Lane South
0%
St Helier Station
0%
Sutton / Marshall's Road
0%
Thicket Road
0%
Waterer Rise
0%
No matching quizzes found
Score Distribution
Percent of People with Each Score
Percentile by Number Answered
Your Score History
You have not taken this quiz